| 000 | 009010000a22001570004500 | ||
|---|---|---|---|
| 090 | _aT Su123c | ||
| 100 | 1 | _aSuárez Arias, Marco alexis | |
| 245 | 1 | 0 | _aCómo ayuda el estudio de la parábola "Del padre amoroso" a los varones en su rol de padres / Marco Alexis Suárez Arias |
| 260 | _aMedellín : FUSBC | ||
| 300 | _a37 Pag. | ||
| 502 | _aTesis (Licenciatura en Teología Bíblica) - - Fundación Universitaria Seminario Bíblico de Colombia, 2007 | ||
| 520 | _aLa ausencia de un legítimo sentido de paternidad entorpece la creación de una sociedad más justa, lo cual origina violencia, desigualdad y vacíos emocionales, que desencadenan una problemática profunda en el corazón del hijo "abandonado". | ||
| 650 | 1 | 4 | _aPATERNIDAD (PSICOLOGIA) \ PADRES E HIJOS \ VIDA CRISTIANA \ FAMILIA CRISTIANA \ PARABOLAS BIBLICAS \ ABANDONO DEL HOGAR \ VIOLENCIA EN NIÑOS |
| 001 | 14942 | ||
| 942 | _cBK | ||
| 999 |
_c43758 _d43758 |
||